000 01430cam a2200385 i 4500
001 4598616
003 OSt
005 20201125111040.0
008 760730s1976 maua b 001 0 eng
010 _a 76028432
020 _a0409950033 (v. 1).
_a0409950041 (v. 2) :
040 _aeng
_cDLC
_deng
050 0 0 _aRC71
_b.C63 1976
060 _aWB141 C638
080 _a616
_bW-19
082 0 0 _a616.07/5
245 0 0 _aClinical methods : Volume 2
_bthe history, physical, and laboratory examinations /
_ceditors, H. Kenneth Walker, W. Dallas Hall, J. Willis Hurst.
260 _aBoston :
_bButterworths,
_cc1976.
300 _a2 v. (xix, 1098 p.) :
_bill. ;
_c23 cm.
504 _aIncludes bibliographies and index.
650 0 _aDiagnosis, Differential.
650 0 _aMedical history taking.
650 0 _aPhysical diagnosis.
650 0 _aDiagnosis, Laboratory.
650 2 _aDiagnosis.
650 2 _aDiagnosis, Laboratory.
653 _aდიაგნოსტირება
653 _aანამნეზის შეკრება
653 _aლაბორატორიული დიაგნოსტირება
700 1 _aWalker, H. Kenneth
_q(Henry Kenneth),
_d1936-
_eEditor
700 1 _aHall, W. Dallas
_q(Wilbur Dallas),
_d1938-
_eEditor
700 1 _aHurst, J. Willis
_q(John Willis),
_d1920-2011.
_eEditor
906 _a7
_bcbc
_corignew
_d1
_eocip
_f19
_gy-gencatlg
942 _2udc
_cBK
999 _c202
_d202